000 00324nam a2200121Ia 4500
008 220901s9999||||xx |||||||||||||| ||und||
082 _a621.381 IPA
100 _aIPAG
245 0 _aElectronics information planning
250 _aVol. 33 Issue No. 3 to 8
260 _bIPAG
_c2006
650 _aElectronics and instrumentation
999 _c193607
_d193607